banner-ar

عشان مهر الصبية : شعر بالعامية المصرية / (Record no. 30832)

MARC details
000 -الفاتح
حقل البيانات ثابتة الطول 00487nam a2200145Ia 4500
008 - عناصر البيانات ثابتة الطول - معلومات عامة
حقل البيانات ثابتة الطول 140319s9999 xx 000 0 ara d
040 ## - مصدر الفهرسة
وكالة الفهرسة الأصلية GCL /
وكالة النسخ GCL
082 04 - رقم تصنيف ديوى العشرى
رقم التصنيف 811.962
رقم المادة ح ع
100 1# - المدخل الرئيسى - إسم شخصى
الإسم الشخصى حسين على محمد
245 10 - بيان العنوان
العنوان عشان مهر الصبية : شعر بالعامية المصرية /
بيان المسئوليه,etc حسين على محمد
260 ## - PUBLICATION, DISTRIBUTION, ETC. (IMPRINT)
تاريخ النشر أو التوزيع 1969
300 ## - الوصف المادى
التعداد 79 ص
490 ## - بيان السلسلة
عنوان السلسلة الهيئة العامة للاستعلامات
رقم المجلد/ التعيين التسلسلي 0
260 ## - PUBLICATION, DISTRIBUTION, ETC. (IMPRINT)
-- [S.N] :
-- مطبعة الشرق ،
Holdings
حالة التراجع حالة الفقد حالة تلف ليس للاعارة المكان المؤقت الموقع الحالى تاريخ الاكتساب اجمالي اﻻعارات رقم الطلب الباركود تاريخ اخر مشاهدة تاريخ تفعيل السعر نوع وعاء كوها
        مكتبة القاهرة الكبرى مكتبة القاهرة الكبرى 03/26/2014   811.962\ح ع 71786 03/26/2014 03/26/2014 كتاب

Powered By

EGPV